000 00707nam a2200301Ia 4500
005 20260401122307.0
008 008 250103s9999 xx 000 0 eng d
020 _a9780007208654
037 _aTB
040 _aEDL
040 _beng
040 _cEDL
041 _2eng
041 _aeng
084 _a823.9 CHR
084 _qEDL
100 _aChristie, Agatha
245 0 _a1950s Omnibus: They Came to Baghdad-Destination Unknown-Ordeal by Innocence
245 0 _cChristie, Agatha
260 _aLondon
260 _bHarper Collins Publishers
260 _c2006
300 _a756p
942 _cTB
942 _h823.9 CHR
999 _c1846289
_d1846289